Discursos leídos en la solemne inauguración de la Escuela Práctica de la Sociedad Histológica de Madrid (Registro nro. 31991)

Detalles MARC
000 -LEADER
campo de control de longitud fija 00991nam a2200193 i 4500
001 - NÚMERO DE CONTROL
campo de control 31991
003 - IDENTIFICADOR DE NÚMERO DE CONTROL
campo de control ES-MaACL
005 - FECHA Y HORA DE LA ÚLTIMA TRANSACCIÓN
campo de control 20230906154504.0
007 - CAMPO FIJO DE DESCRIPCIÓN FÍSICA--INFORMACIÓN GENERAL
campo de control de longitud fija t|
008 - DATOS DE LONGITUD FIJA--INFORMACIÓN GENERAL
campo de control de longitud fija 030206s1876 sp ||||1| spa d
100 1# - ENTRADA PRINCIPAL--NOMBRE DE PERSONA
Nombre de persona Saez y Domingo, Gregorio.
9 (RLIN) 101388
245 10 - MENCIÓN DEL TÍTULO
Título Discursos leídos en la solemne inauguración de la Escuela Práctica de la Sociedad Histológica de Madrid
Resto del título : celebrada el dia 30 de abril de 1876 en el paraninfo de la Universidad Central /
Mención de responsabilidad, etc. por ... Gregorio Saez y Domingo y Andrés del Busto y López.
260 ## - PUBLICACIÓN, DISTRIBUCIÓN, ETC.
Lugar de publicación, distribución, etc. Madrid :
Nombre del editor, distribuidor, etc. [s.n.],
Fecha de publicación, distribución, etc. 1876 (
Fabricante Imp. de J.M. Ducazcal)
300 ## - DESCRIPCIÓN FÍSICA
Extensión XX, 127 p. ;
Dimensiones 21 cm.
505 8# - NOTA DE CONTENIDO CON FORMATO
Nota de contenido con formato Contiene con port. propia: Discurso del secretario general de la sociedad D. Gregorio Saez y Domingo. Del destino de la doctrina celular en las teorías médicas reinantes : discurso / Andrés del Busto y López
700 1# - ENTRADA AGREGADA--NOMBRE PERSONAL
Nombre de persona Busto y López, Andrés del.
9 (RLIN) 32918
710 2# - ENTRADA AGREGADA--NOMBRE DE ENTIDAD CORPORATIVA
Nombre de entidad corporativa o nombre de jurisdicción como elemento de entrada Sociedad Histológica de Madrid.
9 (RLIN) 6783
852 ## - LOCALIZACIÓN
Ubicación ES-MaACL
Número de control de estantería T-623-F-8
Existencias
Estatus retirado Estado de pérdida Estado de daño No para préstamo Colección Biblioteca de origen Biblioteca actual Ubicación en estantería Fecha de adquisición Fuente de adquisición Total de préstamos Signatura topográfica completa Código de barras Visto por última vez Precio de reemplazo Tipo de ítem Koha
        Colección de folletos Biblioteca del Ateneo de Madrid Biblioteca del Ateneo de Madrid Depósito folletos 17/01/2008     T-623-F-8 1033095 23/02/2023 23/02/2023 Folleto